St. Martin's anthologies of English literature / (Record no. 255984)
[ view plain ]
| 000 -LEADER | |
|---|---|
| fixed length control field | 01429cam a2200325 a 4500 |
| 001 - CONTROL NUMBER | |
| control field | 1511126 |
| 003 - CONTROL NUMBER IDENTIFIER | |
| control field | OSt |
| 005 - DATE AND TIME OF LATEST TRANSACTION | |
| control field | 20170306095835.0 |
| 008 - FIXED-LENGTH DATA ELEMENTS--GENERAL INFORMATION | |
| fixed length control field | 891205s1990 nyu b 001 0 eng |
| 010 ## - LIBRARY OF CONGRESS CONTROL NUMBER | |
| LC control number | 89070174 |
| 020 ## - INTERNATIONAL STANDARD BOOK NUMBER | |
| International Standard Book Number | 0312044747 (set) |
| International Standard Book Number | 0312044798 (v. 1) |
| International Standard Book Number | 031204478X (v. 2) |
| 040 ## - CATALOGING SOURCE | |
| Original cataloging agency | DLC |
| Transcribing agency | DLC |
| Modifying agency | DLC |
| 050 00 - LIBRARY OF CONGRESS CALL NUMBER | |
| Classification number | PR1109 |
| Item number | .S66 1990 |
| 082 00 - DEWEY DECIMAL CLASSIFICATION NUMBER | |
| Classification number | 820.8 |
| Edition number | 20 |
| 245 00 - TITLE STATEMENT | |
| Title | St. Martin's anthologies of English literature / |
| Statement of responsibility, etc | general editors, A. Norman Jeffares, Michael Alexander. |
| 260 ## - PUBLICATION, DISTRIBUTION, ETC. (IMPRINT) | |
| Place of publication, distribution, etc | New York : |
| Name of publisher, distributor, etc | St. Martin's Press, |
| Date of publication, distribution, etc | 1990. |
| 300 ## - PHYSICAL DESCRIPTION | |
| Extent | 5 v. ; |
| Dimensions | 23 cm. |
| 504 ## - BIBLIOGRAPHY, ETC. NOTE | |
| Bibliography, etc | Includes bibliographical references and indexes. |
| 505 0# - FORMATTED CONTENTS NOTE | |
| Formatted contents note | v. 1. The Middle Ages (700-1550) / edited by Michael Alexander and Felicity Riddy -- v. 2. The Renaissance (1550-1660) / edited by Gordon Campbell -- v. 3. The Restoration and eighteenth century / edited by Ian McGowan -- v. 4. The nineteenth century (1798-1900) / edited by Brian Martin -- v. 5. The twentieth century (1900-present) / edited by Neil McEwan. |
| 650 #0 - SUBJECT ADDED ENTRY--TOPICAL TERM | |
| Topical term or geographic name as entry element | English literature. |
| 700 1# - ADDED ENTRY--PERSONAL NAME | |
| Personal name | Jeffares, A. Norman |
| Fuller form of name | (Alexander Norman), |
| Dates associated with a name | 1920- |
| Personal name | Alexander, Michael, |
| Dates associated with a name | 1941- |
| 740 0# - ADDED ENTRY--UNCONTROLLED RELATED/ANALYTICAL TITLE | |
| Uncontrolled related/analytical title | Anthologies of English literature. |
| Uncontrolled related/analytical title | Saint Martin's anthologies of English literature. |
| 906 ## - LOCAL DATA ELEMENT F, LDF (RLIN) | |
| a | 7 |
| b | cbc |
| c | orignew |
| d | 1 |
| e | opcn |
| f | 19 |
| g | y-gencatlg |
| 942 ## - ADDED ENTRY ELEMENTS (KOHA) | |
| Source of classification or shelving scheme | Library of Congress Classification |
| Koha item type | Long Loan Books |
| Withdrawn status | Lost status | Source of classification or shelving scheme | Damaged status | Not for loan | Collection code | Home library | Current library | Shelving location | Date acquired | Total Checkouts | Full call number | Barcode | Date last seen | Price effective from | Koha item type |
|---|---|---|---|---|---|---|---|---|---|---|---|---|---|---|---|
| Library of Congress Classification | Non-fiction | Rongo University Library | Rongo University Library | General Stacks | 06/03/2017 | PR1109 .S66 1990 | 20155082 | 06/03/2017 | 06/03/2017 | Long Loan Books |
